| 000 | 01698nam a2200349 a 4500 | ||
|---|---|---|---|
| 001 | ebr10056780 | ||
| 003 | CaPaEBR | ||
| 006 | m u | ||
| 007 | cr cn||||||||| | ||
| 008 | 930726s1993 dcu sb 001 0 eng | ||
| 010 | _z 93031312 | ||
| 020 | _z0309047439 | ||
| 040 |
_aCaPaEBR _cCaPaEBR |
||
| 035 | _a(OCoLC)42328532 | ||
| 050 | 1 | 4 |
_aJC596.2.U5 _bP36 1993eb |
| 082 | 0 | 4 |
_a323.44/8 _220 |
| 110 | 2 | _aPanel on Confidentiality and Data Access (U.S.) | |
| 245 | 1 | 0 |
_aPrivate lives and public policies _h[electronic resource] : _bconfidentiality and accessibility of government statistics / _cPanel on Confidentiality and Data Access [of the] Committee on National Statistics, Commission on Behavioral and Social Sciences and Education, National Research Council and the Social Science Research Council ; George T. Duncan, Thomas B. Jabine, and Virginia A. de Wolf, editors. |
| 260 |
_aWashington, D.C. : _bNational Academy Press, _c1993. |
||
| 300 | _axiii, 274 p. | ||
| 504 | _aIncludes bibliographical references (p. 229-241) and index. | ||
| 533 |
_aElectronic reproduction. _bPalo Alto, Calif. : _cebrary, _d2013. _nAvailable via World Wide Web. _nAccess may be limited to ebrary affiliated libraries. |
||
| 650 | 0 |
_aPrivacy, Right of _zUnited States. |
|
| 650 | 0 |
_aPublic records _xAccess control _zUnited States. |
|
| 651 | 0 |
_aUnited States _xStatistical services. |
|
| 655 | 7 |
_aElectronic books. _2local |
|
| 700 | 1 | _aDuncan, George T. | |
| 700 | 1 | _aJabine, Thomas B. | |
| 700 | 1 | _aDe Wolf, Virginia A. | |
| 710 | 2 | _aebrary, Inc. | |
| 856 | 4 | 0 |
_uhttp://site.ebrary.com/lib/rucke/Doc?id=10056780 _zAn electronic book accessible through the World Wide Web; click to view |
| 999 |
_c70204 _d70204 |
||